00289nam a2200109Ia 4500008004100000082001700041100001900058245005600077260002300133300000800156650001500164191201s2006 xx 000 0 und d a005.131bKHF aKLIR, George J 0aFuzzy Sets and Fuzzy Logic: Theory and Applications aN.DelhibPHIc2006 a574 aB.Tech(IT)